[Event "7th Sinquefield Cup GCT 2019"]
[White "Carlsen, Magnus"]
[Black "Ding, Liren"]
[Site "Saint Louis"]
[Round "15.1"]
[Annotator "TA"]
[Result "0-1"]
[Date "2019.08.29"]
[WhiteElo "2882"]
[BlackElo "2805"]
[PlyCount "80"]

1. e4 {} e5 2. Nf3 Nc6 3. Bb5 a6 4. Ba4 Nf6 5. 0-0 Be7 6. d3 b5 7. Bb3 d6 8. c3 Na5 {C84: Closed Ruy Lopez: Unusual White 6th moves} (8... 0-0 9. Re1 Na5 10. Bc2 c5 11. d4 Qc7 12. h3 cxd4 13. cxd4 Be6 14. Nbd2 Rac8 15. Bd3 Nc6 16. a3 exd4 17. Nf1 Rfe8 18. Ng3 g6 {0-1 (48) Karjakin,S (2753)-Postny,E (2615) St
Petersburg 2018} )(8... 0-0 9. Re1 Na5 10. Bc2 c5 11. Nbd2 Re8 12. Nf1 Nc6 13. Ne3 Bf8 14. a4 b4 15. Nd5 h6 16. a5 Nxd5 17. exd5 Nxa5 18. Ba4 Re7 19. Nd2 Rb8 20. c4 Nb7 21. Ne4 f5 22. Ng3 {1-0 (43) Carlsen,M (2837)-Ding,L (2774) Saint
Louis 2017} )9. Bc2 c5 10. d4 cxd4 {The position is equal.} 11. cxd4 0-0 12. h3 Re8 $146 ({Predecessor:} 12... exd4 13. Nxd4 Bb7 14. Re1 Rc8 15. Nf5 Rc7 16. Bf4 {1/2-1/2 (25) Flach,H (1794)-Ehmann,J (1748) Willingen 2017} )13. d5 Bd7 14. Nc3 Qb8 15. Bd3 Rc8 16. Ne2 Nb7 {} 17. g4 Nc5 18. Ng3 Nxd3 19. Qxd3 b4 20. Re1 Qb5 21. Qd1 Rc7 22. Be3 Rac8 23. Nd2 g6 24. b3 Qb7 25. Nc4 Bb5 26. Na5 Qb8 27. Qd2 Rc3 $36 { Black has the
initiative.} 28. a3 bxa3 {[#]} 29. Nc6 $1 { [#]} Bxc6 $1 {} 30. Qxc3 (30. dxc6 Qxb3 )Bxd5 $1 31. Qa5 Bxe4 ({But not} 31... Bxb3 $6 32. Reb1 $16 )32. g5 Ba8 33. Qxa6 (33. gxf6 $11 Qb7 34. Kf1 Qg2+ 35. Ke2 Qf3+ 36. Kf1 Qg2+ 37. Ke2 )Nd5 $17 34. Ba7 (34. Bd2 $142 )Qc7 $19 {
aiming for ...Nb4.} 35. Rec1 Qxc1+ $2 (35... Bc6 $19 {has better winning
chances. Hoping for ...Qd7.} 36. Rxc6 Qxc6 37. Qxc6 Rxc6 38. Rxa3 Bxg5 )36. Rxc1 $17 Rxc1+ 37. Kh2 Bc6 38. Qxa3 Bxg5 {White must now prevent ...Bf4.} 39. Qxd6 $2 { [#]} (39. Ne2 $17 {lives longer.} Re1 40. Qxd6 )Bf4 $1 $19 40. Bc5 { [#]} Ne7 $1 { Accuracy: White
= 49%, Black = 57%.} 0-1